| 000 | 00642nam a22001937a 4500 | ||
|---|---|---|---|
| 999 |
_c11621 _d11621 |
||
| 003 | AR-CdUCM | ||
| 008 | 190404b ||||| |||| 00| 0 spa d | ||
| 040 |
_aMUNICIPALIDAD PROVINCIAL DEL CUSCO _cBIBLIOTECA MUNICIPAL DEL CUSCO |
||
| 082 |
_a102 / _bB18 / 1854 |
||
| 100 |
_aBalmes, Jaime D. _929076 |
||
| 245 | _aCurso de filosofía elemental / | ||
| 260 |
_aParis : _bLibr. de Rosa y Bouret, _c1854. |
||
| 300 |
_a644 páginas ; _c18 cm. |
||
| 505 | _aContenido: Lógica -- Metafísica -- Ética -- Historia de la filosofía. | ||
| 650 |
_aFilosofía _9395 |
||
| 650 |
_aManuales _95970 |
||
| 942 |
_2ddc _cLIBROS |
||
| 945 |
_aacv _d04/04/2019 |
||